First Lines of Guns N' Roses Songs #1 - Statistics

General Stats
  • This quiz has been taken 242 times
  • The average score is 8 of 15
Answer Stats
First Line Song % Correct
'She's got a smile that it seems to me' Sweet Child O' Mine
98%
'Talk to me softly' Don't Cry (Original)
84%
'I get up around seven' Mr. Brownstone
78%
'Shed a tear 'cause I'm missin' you' Patience
77%
'When you're talkin' to yourself' Estranged
73%
'What we've got here is failure to communicate' Civil War
71%
'If I say I don't need anyone, I can say these things to you' Rocket Queen
62%
'I try and feel the sunshine, you bring the rain' 14 Years
41%
'I've been lookin' for a trace' You're Crazy
38%
'I can't stop thinkin'' Bad Obsession
36%
'Found a head and an arm in the garbage can' Double Talkin' Jive
33%
'It's a critical solution' Garden of Eden
32%
'It don't really matter' Chinese Democracy
30%
'All I need is some inspiration' Down on the Farm
14%
'I won't be told anymore' Madagascar
13%
No matching quizzes found
Score Distribution
Percent of People with Each Score
Percentile by Number Answered
Your Score History
You have not taken this quiz